[Event "Autumn Cup Swiss"]
[Site "Wellington Chess Club"]
[Date "2023.06.15"]
[Round "5.13"]
[White "Hampshire, Thomas"]
[Black "Osborne, Geoff"]
[Result "1-0"]
[WhiteElo "1566"]
[BlackElo "1464"]
[WhiteFideId "0"]
[BlackFideId "4311485"]
[PlyCount "0"]
[EventDate "2023.05.18"]
[SourceDate ""]

1. e4 c5 2. Nf3 Nc6 3. d4 cxd4 4. Nxd4 g6 5. Nc3 Nf6 6. Be3 Bg7 7. Nxc6 bxc6 8.
e5 Nd5 9. Nxd5 cxd5 10. Qxd5 Rb8 11. Bd4 Bb7 12. Qc4 a6 13. e6 f6 14. O-O-O
Bh6+ 15. Be3 Bxe3+ 16. fxe3 d6 17. Qa4+ Kf8 18. h4 h5 19. Bd3 Qb6 20. Qd4 Qxd4
21. exd4 Kg7 22. Rhg1 Rhc8 23. c4 a5 24. Kd2 Ba6 25. b3 d5 26. c5 Bxd3 27. Kxd3
f5 28. Rb1 Kf6 29. Rge1 Rc6 30. a3 Rxe6 31. Rxe6+ Kxe6 32. b4 a4 33. b5 Kd7 34.
Ke3 Ke6 35. Kf4 Kf6 36. Rb4 e5+ 37. dxe5+ Ke6 38. c6 Ke7 39. b6 Rc8 40. b7 1-0

[Event "Autumn Cup Swiss"]
[Site "Wellington Chess Club"]
[Date "2023.06.15"]
[Round "5.14"]
[White "Farrington, Lawrence"]
[Black "Hooper, John"]
[Result "1/2-1/2"]
[WhiteElo "1518"]
[BlackElo "1142"]
[WhiteFideId "4301749"]
[BlackFideId "4321049"]
[PlyCount "0"]
[EventDate "2023.05.18"]
[SourceDate ""]

1. e4 e6 2. d4 d5 3. Nc3 Bb4 4. e5 c5 5. a3 Bxc3+ 6. bxc3 b6 7. Bb5+ Bd7 8.
Bxd7+ Qxd7 9. Nf3 Qb5 10. Qd3 Qxd3 11. cxd3 Ne7 12. Bd2 Nbc6 13. O-O O-O 14.
dxc5 bxc5 15. d4 c4 16. Rab1 Rab8 17. Bg5 Ng6 18. Nd2 h6 19. Be3 Rb6 20. Rxb6
axb6 21. Rb1 Rb8 22. a4 Nh4 23. Rb2 g5 24. Nb1 Kg7 25. Kf1 f5 26. exf6+ Kxf6
27. f3 Nf5 28. Bf2 Nd6 29. Bg3 e5 30. Re2 Re8 31. dxe5+ Nxe5 32. Bxe5+ Rxe5 33.
Rb2 Nc8 34. Kf2 Re7 35. Rb5 Ke6 36. Na3 Ra7 37. Rb4 b5 38. Nxb5 Ra5 39. Nd4+
Kd7 40. Ke3 Na7 41. Kd2 Nc6 42. Nxc6 Kxc6 43. Ke3 Kc5 44. Rb5+ Rxb5 45. axb5
d4+ 46. cxd4+ Kxb5 47. Kd2 Kb4 48. d5 Kc5 49. Kc3 Kxd5 50. h3 h5 51. g3 h4 52.
gxh4 gxh4 53. f4 Ke4 54. Kxc4 Kxf4 55. Kd3 Kg3 56. Ke2 Kxh3 57. Kf1 Kh2 58. Kf2
Kh1 59. Kf1 h3 60. Kf2 1/2-1/2

[Event "Autumn Cup Swiss"]
[Site "Wellington Chess Club"]
[Date "2023.06.15"]
[Round "5.15"]
[White "Hill, Matthew"]
[Black "Hupert, Leo"]
[Result "1-0"]
[WhiteElo "1200"]
[BlackElo "1373"]
[WhiteFideId "0"]
[BlackFideId "0"]
[PlyCount "0"]
[EventDate "2023.05.18"]
[SourceDate ""]

1. c4 c5 2. e4 Nc6 3. Nf3 h6 4. Nc3 e6 5. d4 cxd4 6. Nxd4 Bc5 7. Be3 e5 8. Nxc6
bxc6 9. Bxc5 Nf6 10. h3 Qa5 11. Qd6 Qd8 12. Qxe5+ Qe7 13. Qxe7# 1-0

[Event "Autumn Cup Swiss"]
[Site "Wellington Chess Club"]
[Date "2023.06.15"]
[Round "5.17"]
[White "Holl, Corey"]
[Black "Tan, Jin"]
[Result "0-1"]
[WhiteElo "1000"]
[BlackElo "1039"]
[WhiteFideId "0"]
[BlackFideId "4320872"]
[PlyCount "0"]
[EventDate "2023.05.18"]
[SourceDate ""]

1. d4 d5 2. c4 e6 3. Nc3 Nf6 4. Nf3 Be7 5. Bf4 b6 6. e3 Bb7 7. Bd3 O-O 8. O-O
Nbd7 9. Qc2 h6 10. h4 c5 11. Rfe1 Ng4 12. g3 dxc4 13. Be4 Bxe4 14. Qxe4 Ndf6
15. Qc2 cxd4 16. Nxd4 e5 17. Nc6 Qd6 18. Nxe7+ Qxe7 19. Bg5 hxg5 20. hxg5 Nd7
21. f3 Qxg5 22. fxg4 Qxg4 23. Kg2 g6 24. Nd5 Kg7 25. Rh1 Rh8 26. e4 b5 27. Nc7
Rxh1 28. Rxh1 Rb8 29. Rh4 Qg5 30. b3 Qd8 31. Nd5 cxb3 32. Qd2 g5 33. Rg4 f6 34.
axb3 Kg6 35. b4 Nb6 36. Kf3 Nc4 37. Qa2 a5 38. bxa5 Qxa5 39. Qc2 Qa3+ 40. Kf2
Qb2 41. Qxb2 Nxb2 42. Ne7+ Kf7 43. Nd5 b4 44. Ke2 b3 45. Kd2 Nc4+ 46. Kc1 b2+
47. Kb1 Na3+ 48. Ka2 b1=Q+ 49. Kxa3 Qa1# 0-1

[Event "Autumn Cup Swiss"]
[Site "Wellington Chess Club"]
[Date "2023.06.15"]
[Round "5.19"]
[White "van Laanen, Bas"]
[Black "Fairbrother, Rebecca"]
[Result "1-0"]
[WhiteElo "1200"]
[BlackElo "959"]
[WhiteFideId "0"]
[BlackFideId "0"]
[PlyCount "0"]
[EventDate "2023.05.18"]
[SourceDate ""]

1. c4 e5 2. Nc3 Bc5 3. g3 c6 4. Bg2 Nf6 5. Nf3 d5 6. cxd5 Nxd5 7. Nxe5 O-O 8.
O-O Bf5 9. Nxd5 cxd5 10. d4 Qe7 11. Bxd5 Na6 12. a3 Rad8 13. e4 Nc7 14. dxc5
Qxe5 15. Bf4 Qf6 16. Bxc7 Rd7 17. exf5 Qxf5 18. Qf3 Qxd5 19. Qxd5 Rxd5 20. b4
Rc8 21. Bf4 Rcd8 22. Bd6 Rh5 23. Rfd1 Re8 24. Re1 Re6 25. Rxe6 fxe6 26. Re1 Kf7
27. Kg2 Rd5 28. Re5 Rd3 29. Re3 Rd5 30. Bb8 a6 31. h4 Kf6 32. g4 e5 33. Bxe5+
Rxe5 34. Rxe5 Kxe5 35. Kg3 Kd4 36. f4 Kc3 37. Kf3 Kb3 38. Ke4 Kxa3 39. Kd4 Kxb4
40. g5 g6 41. h5 a5 42. hxg6 hxg6 43. f5 gxf5 44. g6 a4 45. g7 a3 46. g8=Q a2
47. Qxa2 f4 48. Qf2 1-0

[Event "Autumn Cup Swiss"]
[Site "Wellington Chess Club"]
[Date "2023.06.15"]
[Round "5.20"]
[White "Asher, Bruce"]
[Black "McKeown, Fergus"]
[Result "0-1"]
[WhiteElo "1068"]
[BlackElo "1000"]

1. e4 e5 2. Nf3 Nc6 3. Bc4 Nf6 4. Nc3 d6 5. d3 Be6 6. Bxe6 fxe6 7. h3 d5 8.
exd5 exd5 9. Qe2 Bd6 10. Bg5 Qe7 11. O-O h6 12. Nxd5 Qe6 13. Nxf6+ gxf6 14. Bh4
O-O-O 15. a3 Rd7 16. Qe3 f5 17. b4 e4 18. Nd4 Qe5 19. f4 exf3 20. Qxe5 Bxe5 21.
c3 Nxd4 22. gxf3 Ne2+ 23. Kh1 Ng3+ 24. Bxg3 Bxg3 25. d4 Re7 26. Rac1 Re2 27.
Rg1 Rh2# 0-1

[Event "Autumn Cup Swiss"]
[Site "Wellington Chess Club"]
[Date "2023.06.22"]
[Round "6.2"]
[White "Tanoi, Edward"]
[Black "Sethuramalingam, Karthik"]
[Result "1/2-1/2"]
[WhiteElo "1984"]
[BlackElo "1361"]
[WhiteFideId "4302087"]
[BlackFideId "4320964"]
[PlyCount "0"]
[EventDate "2023.05.18"]
[SourceDate ""]

1. Nf3 { [%eval 0.36] } 1... d5 { [%eval 0.34] } 2. d4 { [%eval 0.28] } 2...
Bf5 { [%eval 0.49] } 3. c4 { [%eval 0.54] } 3... e6 { [%eval 0.46] } 4. Nc3 {
[%eval 0.42] } 4... Be7 { [%eval 0.85] } 5. g3 $6 { [%eval 0.27]   Inaccuracy.
Qb3 was best. }  (5. Qb3 Nc6 6. cxd5 exd5 7. Qxd5 Qxd5 8. Nxd5 O-O-O 9. Nxe7+
Ngxe7) 5... Nf6 { [%eval 0.59] } 6. Bg5 $6 { [%eval -0.16]   Inaccuracy. Nh4
was best. }  (6. Nh4 dxc4 7. Nxf5 exf5 8. Qa4+ Nc6 9. e3 Qd7 10. Bxc4 a6) 6...
h6 $6 { [%eval 0.85]   Inaccuracy. dxc4 was best. }  (6... dxc4 7. Ne5 h6 8.
Bc1 Nbd7 9. Nxc4 c6 10. Bg2 Bh7 11. Qb3) 7. Bxf6 { [%eval 0.8] } 7... Bxf6 {
[%eval 0.88] } 8. e3 $2 { [%eval -0.24]   Mistake. cxd5 was best. }  (8. cxd5
exd5 9. Qb3 c6 10. Qxb7 Qb6 11. Qxb6 axb6 12. Bg2 b5) 8... O-O $6 { [%eval
0.38]   Inaccuracy. dxc4 was best. }  (8... dxc4 9. Bxc4 O-O 10. O-O c5 11.
dxc5 Qa5 12. Nd4 Qxc5 13. Qb3 Bxd4 14. exd4 Qxd4 15. Rfd1) 9. Bg2 $2 { [%eval
-0.93]   Mistake. cxd5 was best. }  (9. cxd5 exd5) 9... c6 { [%eval -0.38] }
10. O-O $6 { [%eval -0.99]   Inaccuracy. Qe2 was best. }  (10. Qe2) 10... Nd7
$6 { [%eval -0.43]   Inaccuracy. dxc4 was best. }  (10... dxc4 11. Nd2 Bd3 12.
Re1 Nd7 13. Rc1 Rc8 14. Nce4 b5 15. Nxf6+ Qxf6 16. b3 c5 17. bxc4) 11. Re1 {
[%eval -0.76] } 11... Bg4 { [%eval -0.23] } 12. cxd5 { [%eval -0.26] } 12...
cxd5 { [%eval -0.19] } 13. Qb3 { [%eval -0.24] } 13... Bxf3 { [%eval 0.11] }
14. Bxf3 { [%eval 0.2] } 14... Rb8 { [%eval 0.18] } 15. Rad1 { [%eval 0.17] }
15... Qb6 { [%eval 0.09] } 16. Qc2 { [%eval 0.0] } 16... Rfd8 { [%eval -0.04] }
17. Na4 { [%eval -0.09] } 17... Qc6 { [%eval 0.05] } 18. Qxc6 { [%eval 0.07] }
18... bxc6 { [%eval 0.25] } 19. a3 { [%eval -0.17] } 19... a5 { [%eval -0.06] }
20. Rc1 { [%eval 0.0] } 20... Nb6 { [%eval 0.0] } 21. Nxb6 { [%eval 0.0] }
21... Rxb6 { [%eval 0.0] } 22. Rc5 { [%eval 0.0] } 22... Ra8 { [%eval 0.0] }
23. Re2 { [%eval -0.23] } 23... Be7 { [%eval -0.3] } 24. Rc3 { [%eval -0.3] }
24... Rab8 { [%eval -0.3] } 25. Rcc2 { [%eval -0.33] } 25... f5 { [%eval -0.06]
} 26. Bh5 { [%eval -0.05] } 26... Rc8 { [%eval 0.01] } 27. g4 { [%eval 0.07] }
27... fxg4 { [%eval 0.0] } 28. Bxg4 { [%eval 0.06] } 28... Kf7 { [%eval 0.0] }
29. e4 { [%eval 0.0] } 29... Rd8 { [%eval -0.01] } 30. exd5 { [%eval -0.03] }
30... exd5 { [%eval -0.04] } 31. Re6 { [%eval -0.04] } 31... Rd6 { [%eval 0.02]
} 32. Rxd6 { [%eval 0.05] } 32... Bxd6 { [%eval 0.06] } 33. Bd7 { [%eval 0.04]
} 33... Bf4 { [%eval 0.06] } 34. Bxc6 { [%eval 0.06] } 34... Ke6 { [%eval 0.1]
} 35. a4 { [%eval 0.0] } 35... Rb4 { [%eval 0.0] } 36. Re2+ { [%eval -0.29] }
36... Kd6 { [%eval -0.27] } 37. Bb5 { [%eval -0.19] } 37... Rxd4 { [%eval
-0.22] } 38. Kg2 { [%eval -0.35] } 38... Rd2 { [%eval -0.18] } 39. Rxd2 {
[%eval -0.13] } 39... Bxd2 { [%eval -0.13] } 40. Kf3 { [%eval -0.08] } 40...
Ke5 { [%eval -0.11] } 41. Ke2 { [%eval -0.12] } 41... Bb4 { [%eval -0.16] } 42.
Ke3 { [%eval -0.1] } 42... Bc5+ { [%eval -0.12] } 43. Ke2 { [%eval -0.03] }
43... g5 { [%eval -0.06] } 44. Be8 { [%eval -0.06] } 44... Ke4 { [%eval -0.05]
} 45. f3+ { [%eval 0.0] } 45... Kf4 { [%eval -0.03] } 46. Bf7 { [%eval -0.07] }
46... d4 { [%eval 0.0] } 1/2-1/2

[Event "Autumn Cup Swiss"]
[Site "Wellington Chess Club"]
[Date "2023.06.22"]
[Round "6.3"]
[White "Keith, Matthew"]
[Black "Moses, Christopher"]
[Result "0-1"]
[WhiteElo "1796"]
[BlackElo "1500"]
[WhiteFideId "4320913"]
[BlackFideId "0"]
[PlyCount "0"]
[EventDate "2023.05.18"]
[SourceDate ""]

1. Nf3 d5 2. c4 Nf6 3. cxd5 Nxd5 4. d4 Bg4 5. e4 Nf6 6. Nc3 e6 7. h3 Bh5 8. Be2
Nc6 9. Be3 Bb4 10. e5 Nd5 11. O-O Bxc3 12. bxc3 Nxc3 13. Qd3 Nxe2+ 14. Qxe2 O-O
15. g4 Bg6 16. Rad1 Be4 17. Ng5 Bd5 18. Qc2 g6 19. f4 f5 20. Rb1 h6 21. gxf5
exf5 22. Qc5 hxg5 23. Rb5 gxf4 24. Bxf4 Be4 25. d5 a6 26. Rb3 Qxd5 27. Qf2 Nd4
28. Rg3 Nf3+ 29. Kh1 Nxe5+ 30. Kh2 Nf3+ 31. Kh1 Qc6 32. h4 Nd2+ 0-1

[Event "Autumn Cup Swiss"]
[Site "Wellington Chess Club"]
[Date "2023.06.22"]
[Round "6.4"]
[White "Hurndell, Robert"]
[Black "Chang, Luke"]
[Result "1-0"]
[WhiteElo "1727"]
[BlackElo "1100"]
[WhiteFideId "4310233"]
[BlackFideId "0"]
[PlyCount "0"]
[EventDate "2023.05.18"]
[SourceDate ""]

1. e4 e6 2. d4 d5 3. Nd2 Nf6 4. e5 Nfd7 5. Bd3 c5 6. c3 Nc6 7. Ne2 cxd4 8. cxd4
f6 9. f4 fxe5 10. dxe5 Bc5 11. Nb3 Bb6 12. Nc3 a6 13. Qh5+ Kf8 14. Bd2 Qe8 15.
Qh3 g6 16. O-O-O Kg7 17. Rhf1 Rg8 18. g4 Bd8 19. Be3 Qe7 20. Nd4 Nc5 21. Bb1
Nd7 22. g5 Nf8 23. Qh6+ Kh8 24. Rf3 Qg7 25. Qh3 Bc7 26. Nxc6 bxc6 27. Qg2 Qe7
28. h4 c5 29. Bf2 Bb7 30. Rh3 Rb8 31. Qh2 d4 32. Ne4 Bxe4 33. Bxe4 Bd8 34. h5
Rc8 35. hxg6 Nxg6 36. Rh1 Rc7 37. Rh6 Qf7 38. Bg3 Rg7 39. Qh5 Nxe5 40. g6 Nxg6
41. Bxg6 Qg8 42. Qe5 1-0

[Event "Autumn Cup Swiss"]
[Site "Wellington Chess Club"]
[Date "2023.06.22"]
[Round "6.5"]
[White "Pollock, Gavin"]
[Black "Brockway, Andrew"]
[Result "1-0"]
[WhiteElo "1200"]
[BlackElo "1648"]
[WhiteFideId "0"]
[BlackFideId "4301340"]
[PlyCount "0"]
[EventDate "2023.05.18"]
[SourceDate ""]

1. e4 c6 2. d4 d5 3. f3 e6 4. Ne2 dxe4 5. fxe4 Nf6 6. Ng3 c5 7. c3 cxd4 8. cxd4
Nc6 9. Be3 Bb4+ 10. Nc3 O-O 11. Be2 Qa5 12. Qd3 Rd8 13. O-O Nxd4 14. Bxd4 Rxd4
15. Qf3 Bd7 16. a3 Bxc3 17. bxc3 Rd2 18. Qf4 Qxc3 19. Rac1 Qd4+ 20. Kh1 Bc6 21.
Rc4 Qd7 22. h4 Bb5 $2 (22... Rd4) 23. Rc7 Qxc7 24. Qxc7 Bxe2 25. Nxe2 Rxe2 26.
e5 Rxe5 27. Qxe5 Rc8 28. Qa5 Ne4 29. Kh2 h6 30. Qxa7 Rc4 31. Qxb7 Nf6 32. g3
Rc2+ 33. Kh3 h5 34. Qb8+ Kh7 35. Qb1 1-0

[Event "Autumn Cup Swiss"]
[Site "Wellington Chess Club"]
[Date "2023.06.22"]
[Round "6.6"]
[White "Ulm, Joy"]
[Black "Scott, Callum"]
[Result "0-1"]
[WhiteElo "1631"]
[BlackElo "1577"]
[WhiteFideId "4321081"]
[BlackFideId "0"]
[PlyCount "0"]
[EventDate "2023.05.18"]
[SourceDate ""]

1. d4 Nf6 2. c4 g6 3. Nc3 d5 4. cxd5 Nxd5 5. e4 Nxc3 6. bxc3 Bg7 7. h3 O-O 8.
Nf3 c5 9. Bc4 Nc6 10. Be3 Na5 11. Be2 Qc7 12. O-O Rd8 13. Rc1 a6 14. a4 Bd7 15.
d5 b6 16. Qc2 Nb7 17. Rb1 e6 18. c4 exd5 19. exd5 Bf5 20. Bd3 Bxd3 21. Qxd3 Nd6
22. Bf4 Qd7 23. Rxb6 Nc8 24. Rc6 Bf8 25. Ne5 Qe8 26. Nf3 Qxc6 0-1

[Event "Autumn Cup Swiss"]
[Site "Wellington Chess Club"]
[Date "2023.06.22"]
[Round "6.7"]
[White "Symon, Christopher"]
[Black "Shepherd, Blake"]
[Result "1/2-1/2"]
[WhiteElo "1855"]
[BlackElo "1566"]
[WhiteFideId "0"]
[BlackFideId "0"]
[PlyCount "0"]
[EventDate "2023.05.18"]
[SourceDate ""]

1. Nf3 d5 2. c4 e6 3. d4 Nf6 4. Nc3 c5 5. Bg5 cxd4 6. Nxd4 e5 7. Nf3 d4 8. Nd5
Qa5+ 9. Bd2 Qd8 10. Nxe5 Nxd5 11. cxd5 Qxd5 12. Nf3 Bf5 13. Bc3 Nc6 14. Nxd4
Nxd4 15. Qxd4 Qxd4 16. Bxd4 Bb4+ 17. Bc3 Bxc3+ 18. bxc3 Rc8 19. Rc1 O-O 20. e3
Rc5 21. Be2 Rfc8 22. O-O Ra5 23. Bf3 b6 24. h3 Rxa2 25. Bd5 Ra5 26. Rfd1 Rac5
27. c4 b5 28. Rd4 Be6 29. Bb7 Rb8 30. Ba6 Rxc4 31. Rcxc4 Bxc4 32. Rd7 Ra8 33.
Rb7 Kf8 34. Bxb5 Bxb5 35. Rxb5 a5 36. Rb2 Ke7 37. Kf1 Kd6 38. Ke2 Kc5 39. Kd3
a4 40. Kc3 a3 41. Ra2 Kb5 42. Kb3 Kc5 1/2-1/2

[Event "Autumn Cup Swiss"]
[Site "Wellington Chess Club"]
[Date "2023.06.22"]
[Round "6.8"]
[White "Hampshire, Thomas"]
[Black "Sova, Leo"]
[Result "1-0"]
[WhiteElo "1566"]
[BlackElo "1420"]
[WhiteFideId "0"]
[BlackFideId "39909204"]
[PlyCount "0"]
[EventDate "2023.05.18"]
[SourceDate ""]

1. e4 e5 2. Nf3 Nc6 3. Bb5 a6 4. Ba4 Nf6 5. O-O Be7 6. Re1 b5 7. Bb3 O-O 8. c3
d6 9. h3 h6 10. d4 Bb7 11. Nbd2 Re8 12. Nf1 exd4 13. cxd4 Na5 14. Bc2 c5 15.
Ng3 Rc8 16. d5 Nc4 17. b3 Nb6 18. Be3 Nh7 19. Rc1 Ng5 20. Nxg5 Bxg5 21. Qg4 Re5
22. f4 Bxf4 23. Bxf4 Re7 24. Nf5 1-0

[Event "Autumn Cup Swiss"]
[Site "Wellington Chess Club"]
[Date "2023.06.22"]
[Round "6.9"]
[White "Stoeveken, Ben"]
[Black "Ashe, Michael"]
[Result "1-0"]
[WhiteElo "1300"]
[BlackElo "1774"]
[WhiteFideId "0"]
[BlackFideId "4310462"]
[PlyCount "0"]
[EventDate "2023.05.18"]
[SourceDate ""]

1. e4 c6 2. d4 d5 3. exd5 cxd5 4. Nc3 Nf6 5. Nf3 Bg4 6. Be2 e6 7. Bg5 h6 8. Bh4
a6 9. h3 Bh5 10. O-O Be7 11. Ne5 Bxe2 12. Nxe2 Ne4 13. Bxe7 Qxe7 14. Ng3 Nf6
15. Re1 O-O 16. f4 Nc6 17. Nf3 Qd6 18. Ne5 Nd7 19. Nxd7 Qxd7 20. a3 b5 21. c3
a5 22. Qg4 Ne7 23. Nh5 Nf5 24. Nf6+ 1-0

[Event "Autumn Cup Swiss"]
[Site "Wellington Chess Club"]
[Date "2023.06.22"]
[Round "6.10"]
[White "Ulm, Eric"]
[Black "Stoeveken, Peter"]
[Result "0-1"]
[WhiteElo "1424"]
[BlackElo "1774"]
[WhiteFideId "0"]
[BlackFideId "4304098"]
[PlyCount "0"]
[EventDate "2023.05.18"]
[SourceDate ""]

1. e4 c5 2. Nf3 Nc6 3. Bb5 e6 4. Bxc6 bxc6 5. b3 Nf6 6. e5 Nd5 7. c4 Nf4 8. O-O
Be7 9. d3 Ng6 10. Nc3 O-O 11. Re1 f6 12. Na4 fxe5 13. Nxe5 Nxe5 14. Rxe5 Bf6
15. Bb2 Bxe5 16. Bxe5 d6 17. Bg3 e5 18. Qd2 Bf5 19. Re1 Qf6 20. Qc3 Rae8 21. f3
Qg6 22. Re3 Qg5 23. Qe1 Re6 24. f4 Qg6 25. fxe5 Bxd3 26. Qd1 Rf1+ 27. Qxf1 Bxf1
28. Kxf1 dxe5 29. Nxc5 Rf6+ 30. Rf3 Rxf3+ 31. gxf3 Qb1+ 0-1

[Event "Autumn Cup Swiss"]
[Site "Wellington Chess Club"]
[Date "2023.06.22"]
[Round "6.11"]
[White "Hooper, John"]
[Black "Howe, Alexander"]
[Result "1-0"]
[WhiteElo "1142"]
[BlackElo "1552"]
[WhiteFideId "4321049"]
[BlackFideId "4317386"]
[PlyCount "0"]
[EventDate "2023.05.18"]
[SourceDate ""]

1. e4 c5 2. Nf3 d6 3. d4 cxd4 4. Nxd4 Nf6 5. Nc3 a6 6. Be2 e5 7. Nf3 b5 8. Bg5
Be7 9. Bxf6 Bxf6 10. O-O O-O 11. Qd5 Ra7 12. Rad1 Be7 13. Rd3 Be6 14. Qxe5 dxe5
15. Rxd8 Rxd8 16. Nxe5 Nd7 17. Nc6 Raa8 18. Nxe7+ Kf8 19. Nc6 Rdc8 20. Nd4 Bc4
21. Rd1 Nb6 22. Bf3 b4 23. Nd5 Bxd5 24. exd5 Ra7 25. Nc6 Rac7 26. Nxb4 a5 27.
Nc6 f5 28. c3 a4 29. Nd4 1-0

[Event "Autumn Cup Swiss"]
[Site "Wellington Chess Club"]
[Date "2023.06.22"]
[Round "6.12"]
[White "Maling, Ari"]
[Black "Farrington, Lawrence"]
[Result "1/2-1/2"]
[WhiteElo "1200"]
[BlackElo "1518"]
[WhiteFideId "0"]
[BlackFideId "4301749"]
[PlyCount "0"]
[EventDate "2023.05.18"]
[SourceDate ""]

1. d4 Nf6 2. c4 e6 3. Nc3 Bb4 4. Bg5 h6 5. Bh4 Bxc3+ 6. bxc3 b6 7. Nf3 d6 8. e3
Bb7 9. Bd3 g5 10. Bg3 Ne4 11. Bxe4 Bxe4 12. O-O O-O 13. Nd2 Bb7 14. Qh5 Qf6 15.
h4 Qg6 16. Qxg6+ fxg6 17. hxg5 hxg5 18. Rab1 Na6 19. Rb5 Rf5 20. e4 Rxb5 21.
cxb5 Nb8 22. c4 Nd7 23. d5 exd5 24. exd5 Re8 25. f3 Nf6 26. Re1 Rxe1+ 27. Bxe1
a6 28. a4 axb5 29. axb5 Bc8 30. Ne4 Nxe4 31. fxe4 Kf7 32. Bc3 Bg4 33. Kf2 Bd1
34. Ke3 Ke7 35. e5 Bb3 36. Kd3 Bd1 37. e6 g4 38. g3 Bf3 39. Ke3 Bd1 40. Bg7 Bb3
41. Kd4 Bc2 42. Bh6 Bf5 43. Bg5+ Ke8 44. Kc3 Be4 1/2-1/2

[Event "Autumn Cup Swiss"]
[Site "Wellington Chess Club"]
[Date "2023.06.22"]
[Round "6.13"]
[White "Tan, Jin"]
[Black "Qu, Lucas"]
[Result "0-1"]
[WhiteElo "1039"]
[BlackElo "1433"]
[WhiteFideId "4320872"]
[BlackFideId "4314620"]
[PlyCount "0"]
[EventDate "2023.05.18"]
[SourceDate ""]

1.e4 e5 2.Nf3 Nc6 3.Nc3 Nf6 4.d3 Bc5 5.Be2 d6 6.Bg5 h6 7.Bh4 g5 8.Bg3 Be6 9.h3
Qe7 10.Qd2 a6 11.a3 O-O-O 12.O-O-O Rhe8 13.Kb1 h5 14.h4 g4 15.Nh2 b5 16.f3 b4
17.axb4 Bxb4 18.b3 d5 19.exd5 Bxd5 20.Nxd5 Nxd5 21.Qh6 Nc3+ 22.Ka1 Qc5 23.Kb2
Ba3+ 24.Ka1 Qa5 0-1

[Event "Autumn Cup Swiss"]
[Site "Wellington Chess Club"]
[Date "2023.06.22"]
[Round "6.14"]
[White "Osborne, Geoff"]
[Black "He, Jacob"]
[Result "1-0"]
[WhiteElo "1464"]
[BlackElo "857"]
[WhiteFideId "4311485"]
[BlackFideId "0"]
[PlyCount "0"]
[EventDate "2023.05.18"]
[SourceDate ""]

1. e4 e5 2. Nf3 Nc6 3. d4 Nf6 4. Bg5 h6 5. Bh4 Be7 6. Nc3 d6 7. Bb5 Bd7 8. Bxf6
Bxf6 9. Nd5 a6 10. Nxf6+ Qxf6 11. dxe5 Qg6 12. Be2 Qxe4 13. O-O dxe5 14. Re1
Qg6 15. Bd3 e4 16. Rxe4+ Ne7 17. Rxe7+ Kxe7 18. Bxg6 fxg6 19. Qd4 Bb5 20. Qxg7+
Kd6 21. Rd1+ Kc6 22. Qxg6+ Kc5 23. Qf5+ Kb6 24. Re1 Rhg8 25. g3 Rgf8 26. Re6+
Ka7 27. Qc5+ b6 28. Qxc7# 1-0

[Event "Autumn Cup Swiss"]
[Site "Wellington Chess Club"]
[Date "2023.06.22"]
[Round "6.15"]
[White "He, Zachary"]
[Black "Hill, Ethan"]
[Result "0-1"]
[WhiteElo "1069"]
[BlackElo "1252"]
[WhiteFideId "4320905"]
[BlackFideId "4321120"]
[PlyCount "0"]
[EventDate "2023.05.18"]
[SourceDate ""]

1. e4 d5 2. exd5 Nf6 3. Nc3 Nxd5 4. Nxd5 Qxd5 5. Nf3 Nc6 6. d4 Bf5 7. Bf4 Qe4+
8. Be2 Qxf4 9. O-O O-O-O 10. c3 Qe4 11. Bd3 Qxd3 12. Qxd3 Bxd3 13. Ng5 Bxf1 14.
Nxf7 Bc4 15. Nxd8 Nxd8 16. b3 Bf7 17. f4 e6 18. g4 c5 19. dxc5 Bxc5+ 20. Kf1 e5
21. fxe5 Bxb3 22. a4 Rf8+ 23. Ke2 Bc4+ 24. Kd2 Rf2+ 25. Kc1 Be3+ 26. Kd1 Rf1+
27. Kc2 Rxa1 28. Kb2 Ra2+ 29. Kb1 Bd2 30. e6 Bxc3 0-1

[Event "Autumn Cup Swiss"]
[Site "Wellington Chess Club"]
[Date "2023.06.22"]
[Round "6.18"]
[White "Ravi, Vrajesh"]
[Black "Fairbrother, Rebecca"]
[Result "1-0"]
[WhiteElo "1300"]
[BlackElo "959"]
[WhiteFideId "0"]
[BlackFideId "0"]
[PlyCount "0"]
[EventDate "2023.05.18"]
[SourceDate ""]

1. e4 e5 2. Nf3 Nf6 3. Nc3 Bc5 4. Nxe5 Qe7 5. Nd3 O-O 6. Nxc5 d6 7. Nd5 Qe5 8.
Nd3 Qxe4+ 9. Be2 Bf5 10. Nxc7 Nc6 11. Nxa8 Rxa8 12. O-O Bg4 13. Bxg4 Nxg4 14.
f3 Qd4+ 15. Nf2 Nxf2 16. Rxf2 Ne5 17. c3 Qc5 18. d4 Qd5 19. Rf1 Re8 20. dxe5
Rxe5 21. Qxd5 Rxd5 22. Re1 Re5 23. Bd2 f6 24. Rxe5 dxe5 25. Be3 b6 26. Rd1 h6
27. Rd7 g5 28. Rxa7 b5 29. a4 f5 30. axb5 f4 31. Bd2 e4 32. fxe4 h5 33. b6 h4
34. b7 f3 35. b8=Q# 1-0

[Event "Autumn Cup Swiss"]
[Site "Wellington Chess Club"]
[Date "2023.06.22"]
[Round "6.19"]
[White "Saglam, Azra Sena"]
[Black "Madamba, Keith"]
[Result "1-0"]
[WhiteElo "1299"]
[BlackElo "1200"]
[WhiteFideId "4320956"]
[BlackFideId "0"]
[PlyCount "0"]
[EventDate "2023.05.18"]
[SourceDate ""]

1. c4 Nf6 2. Nc3 g6 3. g3 Bg7 4. Bg2 e6 5. e4 O-O 6. Nge2 Nc6 7. O-O e5 8. d3
d6 9. h3 Be6 10. Be3 a6 11. f4 exf4 12. Nxf4 Qd7 13. Kh2 Bh6 14. Qd2 Ne7 15.
Nxe6 Bxe3 16. Nxf8 Rxf8 17. Qxe3 b5 18. Rxf6 1-0

[Event "Autumn Cup Swiss"]
[Site "Wellington Chess Club"]
[Date "2023.06.22"]
[Round "6.20"]
[White "Hill, Matthew"]
[Black "Hupert, Leo"]
[Result "1-0"]
[WhiteElo "1200"]
[BlackElo "1373"]
[WhiteFideId "0"]
[BlackFideId "0"]
[PlyCount "0"]
[EventDate "2023.05.18"]
[SourceDate ""]

1. c4 c5 2. g3 d5 3. Bg2 Nf6 4. Nc3 e6 5. cxd5 exd5 6. Nf3 Be7 7. O-O O-O 8. d4
Ne4 9. e3 Nxc3 10. bxc3 c4 11. Re1 Qa5 12. Qc2 Nd7 13. e4 Nf6 14. Nd2 Ng4 15.
h3 Nh6 16. g4 Bg5 17. e5 Qd8 18. Rf1 Bf4 19. Nf3 Bxc1 20. Raxc1 f6 21. Rfe1 Nf7
22. e6 Bxe6 23. Rxe6 Ng5 24. Nxg5 fxg5 25. Rce1 b5 26. R1e5 Qd7 27. Bxd5 Kh8
28. Bxa8 Rxa8 29. Qe4 Rf8 30. Re8 Qf7 31. Rxf8+ Qxf8 32. Re8 1-0

[Event "Julian Mazur Memorial"]
[Site "Wellington Chess Club"]
[Date "2023.07.20"]
[Round "1.1"]
[White "Croad, Nicolas"]
[Black "Sethuramalingam, Karthik"]
[Result "1-0"]
[WhiteElo "2423"]
[BlackElo "1730"]

1. e4 c6 2. d3 d5 3. Nd2 dxe4 4. dxe4 e5 5. Ngf3 Bg4 6. Bc4 Nd7 7. h3 Bh5 8.
O-O Ngf6 9. Qe2 Bd6 10. Rd1 Nc5 11. a4 a5 12. b3 Bg6 13. Bd3 Nxd3 14. cxd3 O-O
15. Nc4 Re8 16. Bg5 b5 17. axb5 cxb5 18. Ne3 Qe7 19. Ng4 Qe6 20. Bxf6 gxf6 21.
Nh4 Kh8 22. Qf3 Be7 23. Ne3 Rg8 24. Nd5 Bd8 25. Rdc1 Ra6 26. Rc5 b4 27. Rac1 h6
28. Rc8 Qd6 29. Nf5 Bxf5 30. Qxf5 Rg5 31. Rxd8+ Qxd8 32. Rc8 Rxf5 33. Rxd8+ Kg7
34. exf5 a4 35. bxa4 Rxa4 36. Rb8 Ra1+ 37. Kh2 Rf1 38. Kg3 1-0